Minden európai zászló - Hirtelen halál - Statistics

General Stats
  • This quiz has been taken 110 times
  • The average score is 15 of 45
Answers on the Grid
Answers color-coded by a green-red scale on the quiz's grid according to % correct below.
 
Answer Stats
Answer % Correct
Izland
71%
Málta
67%
Szerbia
67%
Románia
58%
Oroszország
51%
Ukrajna
49%
Franciaország
49%
Egyesült Királyság
49%
Szlovákia
42%
Norvégia
40%
Belgium
38%
Olaszország
36%
Hollandia
36%
Németország
36%
Svédország
36%
Magyarország
36%
Albánia
36%
Görögország
33%
Koszovó
33%
Lengyelország
33%
Ausztria
33%
Finnország
33%
Spanyolország
33%
Horvátország
33%
Csehország
31%
Svájc
31%
Portugália
29%
Monaco
27%
Lettország
27%
Észak-Macedónia
27%
Dánia
27%
Szlovénia
27%
Észtország
27%
Bulgária
24%
Luxemburg
22%
Andorra
22%
Litvánia
22%
San Marino
20%
Liechtenstein
20%
Vatikánvárosi Állam
20%
Bosznia és Hercegovina
20%
Moldova
18%
Fehéroroszország
18%
Montenegró
18%
Írország
13%
No matching quizzes found
Score Distribution
Percent of People with Each Score
Percentile by Number Answered
Your Score History
You have not taken this quiz